<The> Future of Asia in the world economy
Salvato in:
| Altri autori: | , , |
|---|---|
| Natura: | Libro |
| Lingua: | inglese |
| Pubblicazione: |
Paris
OECD
1998
|
| Soggetti: | |
| Tags: |
Nessun Tag, puoi essere il primo ad aggiungerne!!
|
MARC
| LEADER | 00000nam a2200000 4500 | ||
|---|---|---|---|
| 001 | c122184 | ||
| 005 | 20221221093231.2 | ||
| 020 | |a 92-64-16069-8 | ||
| 041 | 0 | |a eng | |
| 044 | |a FR | ||
| 245 | 1 | 0 | |a <The> Future of Asia in the world economy |c Edited by Colm Foy, Francis Harrigan and David O'Connor |
| 264 | 1 | |a Paris |b OECD |c 1998 | |
| 300 | |a 221 s. | ||
| 610 | 2 | 0 | |a hospodárstvo svetové |
| 610 | 2 | 0 | |a hospodárstvo kontinentov |
| 610 | 2 | 0 | |a Ázia |
| 610 | 2 | 0 | |a rast hospodársky |
| 610 | 2 | 0 | |a rast hospodársky dlhodobý |
| 610 | 2 | 0 | |a vývoj hospodársky |
| 700 | 1 | |a Foy, Colm | |
| 700 | 1 | |a Harrigan, Francis | |
| 700 | 1 | |a O'Connor, David | |